Mistrzynie US Open od 2010 roku - Statystyki

Ogólne statystyki
  • Ten quiz został rozwiązany 157 razy
  • Średni wynik to 9 z 14
Statystyki odpowiedzi
Rok Zawodniczka Narodowość % Poprawnych
2022 Iga Świątek Polska
100%
2020 Naomi Ōsaka Japonia
95%
2018 Naomi Ōsaka Japonia
95%
2014 Serena Williams Stany Zjednoczone
92%
2013 Serena Williams Stany Zjednoczone
92%
2012 Serena Williams Stany Zjednoczone
92%
2023 Coco Gauff Stany Zjednoczone
80%
2016 Angelique Kerber Niemcy
68%
2021 Emma Raducanu Wielka Brytania
58%
2010 Kim Clijsters Belgia
48%
2019 Bianca Andreescu Kanada
34%
2017 Sloane Stephens Stany Zjednoczone
34%
2011 Samantha Stosur Australia
26%
2015 Flavia Pennetta Włochy
10%
Nie znaleziono quizów pasujących do podanych kryteriów
Rozkład punktacji
Procent ludzi z każdym wynikiem
Percentyl według liczby udzielonych odpowiedzi
Twoja historia wyników
Nie rozwiązałeś tego quizu